000 00290nam a22001217a 4500
020 _a0-8306-3532-7
082 _a005.7565 MUE'C
100 _aMUELLER, JOHN
_936875
245 _aTHE CLIPPER INTERFACE HANDBOOK
260 _aNEWYORK
_bMCGRAW HILL
_c1991
300 _aXXVI,692P
942 _cBK
999 _c574015
_d574015